Corrección del método de cálculo del sedimento en suspensión para la cuenca del Río Pejibaye, Vertiente Caribe
Đã lưu trong:
| Tác giả chính: | |
|---|---|
| Định dạng: | Sách |
| Được phát hành: |
[San José, Costa Rica]
2003
|
| Những chủ đề: | |
| Các nhãn: |
Thêm thẻ
Không có thẻ, Là người đầu tiên thẻ bản ghi này!
|
MARC
| LEADER | 00000nam a2200000Ia 4500 | ||
|---|---|---|---|
| 003 | 009153 | ||
| 005 | 20221231144148.0 | ||
| 008 | 140114s2003 cr a m 000 ||s d | ||
| 040 | |c cru CEDI | ||
| 090 | |a TFG 4694 | ||
| 100 | |a Jiménez Castro, Karina |9 7013 | ||
| 245 | |a Corrección del método de cálculo del sedimento en suspensión para la cuenca del Río Pejibaye, Vertiente Caribe | ||
| 260 | |c 2003 |a [San José, Costa Rica] | ||
| 300 | |a vii, 175, [45] hojas : ilustraciones, fotografías, mapas color | ||
| 500 | |a Tesis (licenciatura en ingeniería civil)--Universidad de Costa Rica. Escuela de Ingeniería Civil, | ||
| 650 | |x RIO PEJIBAYE (COSTA RICA) |x SEDIMENTOS DE RIO |x CORRIENTES DE AGUA - MEDICIONES |9 7015 | ||
| 942 | |c TFG | ||
| 999 | |c 17787 |d 17787 | ||
